| 000 | 00428cam a2200181ua 4500 | ||
|---|---|---|---|
| 020 | _c1.00 | ||
| 041 |
_ahin _h |
||
| 082 |
_a891.54 _bPRA/SA |
||
| 100 | _aPrannth, Vanprasthi . | ||
| 245 |
_aSaral Mahabharat / _cPrannath Vanprasthi. _hTextual Documents |
||
| 250 |
_a2 / _b. |
||
| 260 |
_a : _bRajpal and Sanch , _c1961. |
||
| 300 | _a88 ; . | ||
| 365 | _a1.00 | ||
| 504 | _a | ||
| 942 | _cBK | ||
| 999 |
_c6450 _d6450 |
||